David Hume and William James : (Record no. 1654)
[ view plain ]
| 000 -LEADER | |
|---|---|
| fixed length control field | 00908nam a22002657a 4500 |
| 001 - CONTROL NUMBER | |
| control field | 1654 |
| 003 - CONTROL NUMBER IDENTIFIER | |
| rucl marc code | BD-RjUL |
| 005 - DATE AND TIME OF LATEST TRANSACTION | |
| control field | 20211208233400.0 |
| 008 - FIXED-LENGTH DATA ELEMENTS--GENERAL INFORMATION | |
| fixed length control field | 131208s2001 ii |||| |||| 001 0 eng d |
| 020 ## - INTERNATIONAL STANDARD BOOK NUMBER | |
| International Standard Book Number | 8185638144 |
| 035 ## - SYSTEM CONTROL NUMBER | |
| System control number | (BD-RjUL)1681 |
| 040 ## - CATALOGING SOURCE | |
| Original cataloging agency | BD-RjUL |
| Language of cataloging | eng |
| Transcribing agency | BD-RjUL |
| Modifying agency | BD-RjUL |
| 041 ## - LANGUAGE CODE | |
| Language code of text/sound track or separate title | eng |
| 082 04 - DEWEY DECIMAL CLASSIFICATION NUMBER | |
| Edition number | 20 |
| Classification number | 192 |
| Author mark and year | RAD 2001 |
| 100 1# - MAIN ENTRY--PERSONAL NAME | |
| Personal name | Razzaque, Abdur |
| 9 (RLIN) | 5476 |
| 245 1# - TITLE STATEMENT | |
| Title | David Hume and William James : |
| Remainder of title | two studies in linkages / |
| Statement of responsibility, etc. | Md Abdur Razzaque |
| 260 ## - PUBLICATION, DISTRIBUTION, ETC. (IMPRINT) | |
| Place of publication, distribution, etc. | Delhi : |
| Name of publisher, distributor, etc. | Book India, |
| Date of publication, distribution, etc. | ©2001. |
| 300 ## - PHYSICAL DESCRIPTION | |
| Pagination | 267 p. ; |
| Size | 25 cm. |
| 504 ## - BIBLIOGRAPHY, ETC. NOTE | |
| Bibliography, etc | Include bibliography and index. |
| 650 ## - SUBJECT ADDED ENTRY--TOPICAL TERM | |
| Topical term or geographic name as entry element | Hume, David, -- 1711-1776. |
| 9 (RLIN) | 5477 |
| Topical term or geographic name as entry element | James, William, -- 1842-1910. |
| 9 (RLIN) | 5478 |
| Topical term or geographic name as entry element | Knowledge, Theory of. |
| 9 (RLIN) | 5479 |
| 856 ## - ELECTRONIC LOCATION AND ACCESS | |
| Materials specified | WorldCat |
| Uniform Resource Identifier | <a href="http://www.worldcat.org/title/david-hume-and-william-james-two-studies-in-linkages/oclc/50798322&referer=brief_results">http://www.worldcat.org/title/david-hume-and-william-james-two-studies-in-linkages/oclc/50798322&referer=brief_results</a> |
| 942 ## - ADDED ENTRY ELEMENTS (KOHA) | |
| Source of classification or shelving scheme | Dewey Decimal Classification |
| Koha item type | Books |
| Lost status | Source of classification or shelving scheme | Damaged status | Not for loan | Collection code | Permanent Location | Current Location | Shelving location | Date acquired | Source of acquisition | Cost, normal purchase price | Total Checkouts | Full call number | Date last seen | Copy number | Koha item type |
|---|---|---|---|---|---|---|---|---|---|---|---|---|---|---|---|
| Dewey Decimal Classification | Non-fiction | Central Library, University of Rajshahi | Central Library, University of Rajshahi | 16/09/2001 | Prof. Abdur Razzaque | 895.00 | 192 RAD 2001 | 08/12/2013 | C-8 | Books | |||||
| Dewey Decimal Classification | Non-fiction | Central Library, University of Rajshahi | Central Library, University of Rajshahi | 16/09/2001 | Prof Abdur Razzak Dept of Philosophu R. U | 895.00 | 192 RAD 2001 | 23/04/2014 | C-7 | Books | |||||
| Dewey Decimal Classification | Non-fiction | Central Library, University of Rajshahi | Central Library, University of Rajshahi | 16/09/2001 | Prof Abdur Razzak Dept of Philosophu R. U | 895.00 | 192 RAD 2001 | 23/04/2014 | C-6 | Books | |||||
| Dewey Decimal Classification | Non-fiction | Central Library, University of Rajshahi | Central Library, University of Rajshahi | 16/09/2001 | Prof Abdur Razzak Dept of Philosophu R. U | 895.00 | 192 RAD 2001 | 23/04/2014 | C-5 | Books | |||||
| Dewey Decimal Classification | Non-fiction | Central Library, University of Rajshahi | Central Library, University of Rajshahi | 16/09/2001 | Prof Abdur Razzak Dept of Philosophu R. U | 895.00 | 192 RAD 2001 | 23/04/2014 | C-4 | Books | |||||
| Dewey Decimal Classification | Non-fiction | Central Library, University of Rajshahi | Central Library, University of Rajshahi | 16/09/2001 | Prof Abdur Razzak Dept of Philosophu R. U | 895.00 | 192 RAD 2001 | 23/04/2014 | C-3 | Books | |||||
| Dewey Decimal Classification | Non-fiction | Central Library, University of Rajshahi | Central Library, University of Rajshahi | 16/09/2001 | Prof Abdur Razzak Dept of Philosophu R. U | 895.00 | 192 RAD 2001 | 23/04/2014 | C-2 | Books | |||||
| Dewey Decimal Classification | Not For Loan | Non-fiction | Central Library, University of Rajshahi | Central Library, University of Rajshahi | Reading Room | 16/09/2001 | Prof Abdur Razzak Dept of Philosophu R. U | 895.00 | 192 RAD 2001 | 23/04/2014 | C-1 | Books | |||
| Dewey Decimal Classification | Non-fiction | Central Library, University of Rajshahi | Central Library, University of Rajshahi | 16/09/2001 | Prof Abdur Razzak Dept of Philosophu R. U | 895.00 | 192 RAD 2001 | 08/11/2016 | C-9 | Books | |||||
| Dewey Decimal Classification | Non-fiction | Central Library, University of Rajshahi | Central Library, University of Rajshahi | 16/09/2001 | Prof Abdur Razzak Dept of Philosophu R. U | 895.00 | 192 RAD 2001 | 01/12/2016 | C-10 | Books |